000
00303nam a22001337a 4500
008
170830b xxu||||| |||| 00| 0 eng d
020
_a
9780070680340
041
_a
eng
080
_a
070
100
_a
40
101
_a
MED
245
_a
SECRETS OF SUCCESSFUL SPEAKERS
_c
WALTER.L
942
_2
udc
_c
BK
999
_c
25613
_d
25613